000 00471cam a2200193ua 4500
001 6863
005 20260515114122.0
008 140301n ii |||gr||||Z||||||asm
040 _cMAIN
082 _a657.45
245 _aHisap parikshan
_cBy Dulal Bhattacharya
250 _a1st ed.
260 _aGuwahati:
_bStudents stores,
_c1994.
300 _ax,201p.
653 _aAccounting
653 _aHisap parikshan
700 _aBhattacharya,Dulal,
_eAuthor.
942 _cBK
999 _c6005
_d6005